Israel (Registo nº 580)

Detalhes MARC
000 -Etiqueta do registo
Cabeçalho 00813cam a2200301 4500
005 - Identificador da versão
Campo de controlo 20240822143520.0
010 ## - Número internacional normalizado dos livros (ISBN)
Número (ISBN) 972221988X
021 ## - Número do Depósito Legal
Código do país PT
Número 149668/00
035 ## - Other System Control Numbers
System Control Number 0000603
System Control Number 0000599
System Control Number 0000599
System Control Number 0000589
100 ## - Dados gerais de processamento
Dados gerais de processamento 20011004d2000 m y0pory5003 ba
101 1# - Língua de publicação
Língua do texto, banda sonora, etc. Português
102 ## - Pais de publicação ou produção
País de publicação Portugal
105 ## - Campo de dados codificados: livros
Dados codificados dos livros a z 001yy
106 ## - Campo de dados codificados: material textual
Dados codificados do material textual r
200 1# - Titulo e menção de responsabilidade
Título próprio Israel
Informação de outro título os lugares e a história
Primeira menção de responsabilidade Annie Sacerdoti
Outras menções de responsabilidade trad. João Nuno Martins
210 ## - Publicação, Distribuição, etc. 
Lugar da edição, distribuição, etc. Lisboa
Nome do editor, distribuidor, etc. Verbo
Data da publicação, distribuição, etc. Imp. 2000
215 ## - Descrição física 
Indicação específica da natureza do documento e extensão da espécie 135, [19] p.
Outras indicações físicas il.
Dimensões 31 cm
Material acompanhante [2] p. desdobr.
225 2# - Colecção 
Título próprio da colecção Os lugares e a história
607 ## - Nome geográfico usado como assunto
Número de registo de entrada de autoridade 0000697
Palavra de ordem Israel
Subdivisão de assunto História
Código do sistema SIPOR
675 ## - Classificação Decimal Universal (CDU)
Notação 94(569.4)
Edição BN
Língua da edição por
700 #1 - Nome de autor-pessoa física (responsabilidade principal)
Número de registo de entrada de autoridade 0000699
Palavra de ordem Sacerdoti
Outra parte do nome não tomada para palavra de ordem Annie
702 #1 - Nome de autor-pessoa física (responsabilidade secundária)
Número de registo de entrada de autoridade 0000700
Palavra de ordem Martins
Outra parte do nome não tomada para palavra de ordem João Nuno
Código de função Tradutor
942 ## - Elementos de entrada adicionados (Koha)
Tipo de item no Koha Livro
Exemplares
Situação do levantamento Origin of item (home branch) (coded) Biblioteca de empréstimo Código de barras Circulation type (not for loan) Tipo de documento Nota do exemplar Damaged status
  Biblioteca Escolar Eng. Nuno Mergulhão Biblioteca Escolar Eng. Nuno Mergulhão BENM423   Livro Sem mensagem